| 000 | 00632nam a22002057a 4500 | ||
|---|---|---|---|
| 005 | 20260116170204.0 | ||
| 010 | _aENG-147514 | ||
| 020 |
_a9789349750180 _c975.00 |
||
| 035 | _aEN-131046 | ||
| 037 | _bDBAD | ||
| 082 |
_a612.0078 _26 |
||
| 100 |
_aPal, G K _986535 |
||
| 245 |
_aTextbook of Practical Physiology/ _cG K Pal [and] Pravati Pal |
||
| 250 | _a6 | ||
| 260 |
_aHyderabad _bUniversities Press _c2026 |
||
| 270 |
_a3-6-747/1/A&3-6-754/1,Himayatnagar, _bHyderabad _e500029 |
||
| 300 |
_axvi, 528p. _bill.Index _c27cm(pb) |
||
| 700 |
_aPal, Pravati _959301 _eAuthor |
||
| 942 |
_2ddc _cEN _mPAL _h612.0078 |
||
| 999 |
_c214247 _d214247 |
||